[Event "GER-ch 72nd"]
[Site "Heringsdorf"]
[Date "2000.11.19"]
[Round "3"]
[White "Bischoff, Klaus"]
[Black "Buhmann, Rainer"]
[Result "1/2-1/2"]
[WhiteElo "2556"]
[BlackElo "2416"]
[EventDate "2000.11.17"]
[PlyCount "64"]

1. Nf3 Nf6 2. c4 e6 3. g3 b6 4. Bg2 Bb7 5. O-O Be7 6. d4 O-O 7. Re1 d5 8. cxd5 exd5 9. Nc3 Na6 10. Bg5 Ne4 11. Bxe7 Qxe7 12. Qa4 Rfd8 13. Ne5 c5 14. e3 Nxc3 15. bxc3 cxd4 16. cxd4 Nc7 17. Rec1 Ne8 18. Rc2 Nf6 19. Rac1 Rdc8 20. Bh3 Rxc2 21. Qxc2 g6 22. Qc7 Re8 23. Rc2 Kg7 24. a4 Ba6 25. a5 bxa5 26. Qxa5 Qb7 27. Rc1 Re7 28. Bg2 Qb2 29. Qc5 Nd7 30. Nxd7 Rxd7 31. Rc2 Qb1+ 32. Rc1 Qb2 1/2-1/2

[Event "GER-ch 72nd"]
[Site "Heringsdorf"]
[Date "2000.11.19"]
[Round "3"]
[White "Braun, Peter"]
[Black "Siebrecht, Sebastian"]
[Result "0-1"]
[WhiteElo "2264"]
[BlackElo "2376"]
[EventDate "2000.11.17"]
[PlyCount "56"]

1. d4 g6 2. c4 Bg7 3. e4 d6 4. Nc3 Nf6 5. g3 O-O 6. Bg2 Nc6 7. Nge2 e5 8. O-O exd4 9. Nxd4 Nxd4 10. Qxd4 Ng4 11. Qd2 Ne5 12. Qe2 Bg4 13. f3 Be6 14. Nd5 c6 15. Ne3 Qb6 16. Kh1 Nxc4 17. Nxc4 Qb5 18. Rd1 Bxc4 19. Qc2 d5 20. exd5 Bxd5 21. Bf4 Rfe8 22. Rd2 Bxa2 23. Bf1 Qb3 24. Rxa2 Qxa2 25. Bc4 Qa1+ 26. Kg2 Rad8 27. Bd6 b5 28. Bb3 Qxb2 0-1

[Event "GER-ch 72nd"]
[Site "Heringsdorf"]
[Date "2000.11.19"]
[Round "3"]
[White "Bruch, Jochen"]
[Black "Paulsen, Dirk"]
[Result "1-0"]
[WhiteElo "2336"]
[BlackElo "2431"]
[EventDate "2000.11.17"]
[PlyCount "75"]

1. Nf3 Nc6 2. c4 e5 3. d3 f5 4. g3 Nf6 5. Bg2 d6 6. O-O g6 7. Nc3 Bg7 8. Rb1 O-O 9. b4 Nh5 10. Nd5 Qd7 11. Qb3 Kh8 12. Bb2 h6 13. b5 Nd8 14. c5 Ne6 15. cxd6 cxd6 16. Rbc1 Qf7 17. Qb4 Rd8 18. a4 b6 19. Ne3 Bb7 20. Nc4 e4 21. dxe4 fxe4 22. Nfd2 d5 23. Ne5 Qe8 24. f4 Nc5 25. a5 Rac8 26. a6 Ba8 27. Nb3 Nxb3 28. Qxb3 Kh7 29. Bd4 Nf6 30. Bh3 Rxc1 31. Rxc1 Qe7 32. e3 h5 33. Rc3 Ne8 34. g4 Nd6 35. gxh5 gxh5 36. Rc2 Nc4 37. Bf5+ Kg8 38. Rg2 {time} 1-0

[Event "GER-ch 72nd"]
[Site "Heringsdorf"]
[Date "2000.11.19"]
[Round "3"]
[White "Glienke, Manfred"]
[Black "Enigk, Frank"]
[Result "0-1"]
[WhiteElo "2348"]
[BlackElo "2195"]
[EventDate "2000.11.17"]
[PlyCount "149"]

1. Nf3 Nf6 2. d4 e6 3. Bg5 d5 4. c4 Be7 5. Nc3 h6 6. Bh4 O-O 7. e3 b6 8. Bxf6 Bxf6 9. cxd5 exd5 10. Be2 Bb7 11. b4 c6 12. O-O Be7 13. Qb3 Qd6 14. Rab1 Nd7 15. Rfd1 a5 16. b5 c5 17. Rd2 c4 18. Qc2 f5 19. Rbd1 Rad8 20. Bf1 Qe6 21. g3 Bb4 22. Re2 Nf6 23. Ne5 Ne4 24. Nb1 Bd6 25. f3 Ng5 26. f4 Bxe5 27. fxe5 Nf3+ 28. Kh1 Ng5 29. Nc3 Ne4 30. Bg2 Qd7 31. Rb1 Bc8 32. Ree1 Qe7 33. Na4 Qe6 34. Nc3 Qe7 35. Na4 Qc7 36. Kg1 Be6 37. Rf1 Qb7 38. Nc3 Qe7 39. Qb2 Ra8 40. Na4 Rab8 41. a3 Rf7 42. Nc3 Kf8 43. Rf4 Kg8 44. Rbf1 Rbf8 45. Kh1 Qd7 46. Na4 Qc7 47. Nc3 Qd7 48. Na4 g5 49. R4f3 Qc7 50. Nc3 Qd7 51. Na4 Qd8 52. Nc3 Rc7 53. Kg1 Qd7 54. g4 f4 55. h3 Nxc3 56. Qxc3 Qxb5 57. exf4 Rxf4 58. Rxf4 gxf4 59. Qc2 Kg7 60. Rxf4 Rf7 61. Rxf7+ Bxf7 62. Qf5 Qc6 63. g5 c3 64. gxh6+ Qxh6 65. Kh2 b5 66. Bf1 Be6 67. Qf3 c2 68. Qg2+ Qg6 69. Qd2 b4 70. axb4 axb4 71. Bd3 Qxd3 72. Qxd3 c1=Q 73. Qg3+ Kf7 74. Qh4 Qc2+ 75. Kh1 0-1

[Event "GER-ch 72nd"]
[Site "Heringsdorf"]
[Date "2000.11.19"]
[Round "3"]
[White "Graf, Alexander"]
[Black "Zeller, Frank"]
[Result "1-0"]
[WhiteElo "2642"]
[BlackElo "2434"]
[EventDate "2000.11.17"]
[PlyCount "49"]

1. d4 Nf6 2. c4 e6 3. Nc3 Bb4 4. e3 Nc6 5. Nge2 d5 6. a3 Bf8 7. Ng1 g6 8. Nf3 Bg7 9. b4 O-O 10. Bb2 a6 11. Be2 dxc4 12. Bxc4 Ne8 13. Ne4 Nd6 14. Bd3 Bd7 15. Nc5 Be8 16. O-O Qe7 17. Qc2 Rd8 18. Rac1 Nb8 19. e4 c6 20. Rfe1 Nb5 21. e5 Na7 22. Rcd1 Nd7 23. Nxb7 Nxe5 24. dxe5 Qxb7 25. Bxg6 1-0

[Event "GER-ch 72nd"]
[Site "Heringsdorf"]
[Date "2000.11.19"]
[Round "3"]
[White "Heinzel, Olaf"]
[Black "Baramidze, David"]
[Result "1-0"]
[WhiteElo "2389"]
[BlackElo "2242"]
[EventDate "2000.11.17"]
[PlyCount "119"]

1. d4 Nf6 2. Nf3 g6 3. Bf4 Bg7 4. e3 O-O 5. h3 d5 6. Bd3 c5 7. Nbd2 b6 8. Ne5 Bb7 9. O-O Nfd7 10. Nxd7 Nxd7 11. c3 e5 12. dxe5 Nxe5 13. Be2 Qe7 14. Nf3 Nd7 15. Qc2 Rfe8 16. Rad1 Nf8 17. Rd2 Rac8 18. Qa4 a6 19. Rfd1 Ne6 20. Bg3 f5 21. Qc2 Qf8 22. Ne5 Rcd8 23. Bf3 f4 24. exf4 Nxf4 25. Nc4 Re6 26. Ne3 Nxh3+ 27. Kh2 Ng5 28. Bxd5 Bxd5 29. Rxd5 Rxd5 30. Rxd5 Ne4 31. Nf1 Qe7 32. Qd3 Nxg3 33. Nxg3 Re1 34. Nf1 Qh4+ 35. Kg1 Qe7 36. Rd8+ Bf8 37. Qd5+ Kh8 38. Qd2 Re2 39. Qd5 Rxb2 40. Rd7 Qf6 41. Rf7 Qd6 42. Qf3 Kg8 43. Ra7 Be7 44. Qa8+ Kg7 45. Qe4 Kf7 46. Ne3 Rd2 47. c4 Rxa2 48. g3 Qf6 49. Ng4 Qd6 50. Ne5+ Kg8 51. Ng4 Kf8 52. Qf3+ Kg8 53. Nh6+ Kg7 54. Qf7+ Kxh6 55. Rxe7 Ra1+ 56. Kh2 Kg5 57. Qxh7 Qd4 58. f4+ Kg4 59. Qxg6+ Kf3 60. Qh5+ {Because of Qe2#} 1-0

[Event "GER-ch 72nd"]
[Site "Heringsdorf"]
[Date "2000.11.19"]
[Round "3"]
[White "Mueller, Karsten"]
[Black "Heck, Norbert"]
[Result "1-0"]
[WhiteElo "2513"]
[BlackElo "2340"]
[EventDate "2000.11.17"]
[PlyCount "89"]

1. e4 g6 2. d4 Bg7 3. Nf3 d6 4. Bc4 Nf6 5. Nc3 Nc6 6. d5 Nb8 7. O-O O-O 8. h3 c5 9. Re1 Na6 10. Bf4 Nc7 11. e5 dxe5 12. Nxe5 Nce8 13. Bf1 Nd6 14. g4 Nd7 15. Nf3 Nb6 16. Bg5 Re8 17. Qd3 Bd7 18. Rab1 Nbc4 19. a4 a6 20. b3 Na3 21. Rbc1 c4 22. Qd2 Qa5 23. Nd4 cxb3 24. cxb3 Qb4 25. Rxe7 Bxd4 26. Rxd7 Bxc3 27. Qf4 Qxf4 28. Bxf4 Ne4 29. Rxb7 Be5 30. Be3 Rab8 31. Bxa6 Nd6 32. Rb6 Rxb6 33. Bxb6 Bf4 34. Rc6 Re1+ 35. Kg2 Rc1 36. Rxc1 Bxc1 37. Bd3 Kf8 38. Bc5 Ke7 39. a5 Kd7 40. a6 Nab5 41. Bxd6 Kxd6 42. Bxb5 Kc7 43. d6+ Kb6 44. d7 Bg5 45. Bc4 1-0

[Event "GER-ch 72nd"]
[Site "Heringsdorf"]
[Date "2000.11.19"]
[Round "3"]
[White "Naumann, Alexander"]
[Black "Enders, Peter"]
[Result "0-1"]
[WhiteElo "2489"]
[BlackElo "2468"]
[EventDate "2000.11.17"]
[PlyCount "96"]

1. e4 c5 2. c3 d5 3. exd5 Qxd5 4. d4 Nf6 5. Nf3 Nc6 6. Be3 cxd4 7. cxd4 e6 8. Nc3 Bb4 9. Bd3 b6 10. O-O Bxc3 11. bxc3 Bb7 12. Qe2 Qh5 13. Rab1 Ne7 14. Bb5+ Kf8 15. Ne5 Qxe2 16. Bxe2 Ne4 17. c4 Nc3 18. Rb2 Nxe2+ 19. Rxe2 f6 20. Nd3 Kf7 21. Rb2 Rhd8 22. Rc1 Rac8 23. c5 Be4 24. Nf4 bxc5 25. dxc5 Rb8 26. Rxb8 Rxb8 27. Ne2 Rb2 28. Nc3 Bc6 29. Rb1 Rc2 30. Rc1 Rb2 31. Rb1 Rxb1+ 32. Nxb1 Nd5 33. Bd2 e5 34. Nc3 Nf4 35. Bxf4 exf4 36. Ne2 Ke6 37. Nxf4+ Ke5 38. Nh5 g6 39. f4+ Ke6 40. Ng3 Kd5 41. f5 Kxc5 42. h4 Kb4 43. h5 gxf5 44. h6 Be8 45. Ne2 Bf7 46. Nd4 Bxa2 47. Nc6+ Kc5 48. Nxa7 Be6 0-1

[Event "GER-ch 72nd"]
[Site "Heringsdorf"]
[Date "2000.11.19"]
[Round "3"]
[White "Pfretzschner, Roland"]
[Black "Heinrich, Alexander"]
[Result "1-0"]
[WhiteElo "2295"]
[BlackElo "2146"]
[EventDate "2000.11.17"]
[PlyCount "81"]

1. e4 d5 2. exd5 Qxd5 3. Nc3 Qa5 4. d4 c6 5. Nf3 Bf5 6. Bc4 Nf6 7. Bd2 e6 8. Qe2 Bb4 9. Ne5 Nbd7 10. Nxd7 Nxd7 11. a3 Bxc3 12. Bxc3 Qc7 13. O-O-O O-O-O 14. f3 h6 15. g4 Bh7 16. Be1 b5 17. Bg3 Qb6 18. Bd3 Nf6 19. Bxh7 Rxh7 20. Rd3 Nd5 21. Kb1 h5 22. h4 Qb7 23. Rc1 Nb6 24. b3 Kd7 25. Ka2 Qa6 26. c4 bxc4 27. bxc4 g6 28. d5 cxd5 29. cxd5 Ke8 30. d6 Nd5 31. Rd2 Qa5 32. Rb2 Nc3+ 33. Rxc3 Qxc3 34. Qb5+ Kf8 35. Be5 Qxf3 36. Qb8 Qd5+ 37. Ka1 Qa8 38. Qxa8 Rxa8 39. Bf6 hxg4 40. d7 Rh5 41. Rc2 1-0

[Event "GER-ch 72nd"]
[Site "Heringsdorf"]
[Date "2000.11.19"]
[Round "3"]
[White "Prusikin, Michael"]
[Black "Gutman, Lev"]
[Result "0-1"]
[WhiteElo "2460"]
[BlackElo "2533"]
[EventDate "2000.11.17"]
[PlyCount "68"]

1. Nf3 Nf6 2. c4 g6 3. Nc3 Bg7 4. e4 O-O 5. d4 d6 6. Be2 Bg4 7. Be3 Nfd7 8. Rc1 c5 9. d5 a6 10. a4 Nb6 11. b3 e6 12. O-O exd5 13. exd5 Bxf3 14. Bxf3 N6d7 15. g3 Ne5 16. Bg2 a5 17. Nb5 f5 18. h3 Na6 19. Qd2 Nb4 20. Rcd1 Ned3 21. f4 Re8 22. Rf3 g5 23. fxg5 Qd7 24. Bf4 Nxf4 25. Qxf4 Re5 26. h4 Qe7 27. Bh3 Rf8 28. Rdf1 Nc2 29. Qd2 Re2 30. Qxa5 Ne1 31. Bxf5 Nxf3+ 32. Rxf3 Re1+ 33. Kg2 Rxf5 34. Rxf5 Qe4+ 0-1

[Event "GER-ch 72nd"]
[Site "Heringsdorf"]
[Date "2000.11.19"]
[Round "3"]
[White "Scheerer, Christoph"]
[Black "Reeh, Oliver"]
[Result "1/2-1/2"]
[WhiteElo "2140"]
[BlackElo "2420"]
[EventDate "2000.11.17"]
[PlyCount "120"]

1. e4 c5 2. c3 d5 3. exd5 Qxd5 4. d4 Nf6 5. Nf3 Bg4 6. Be2 e6 7. h3 Bh5 8. c4 Qd8 9. Qa4+ Qd7 10. Qxd7+ Nbxd7 11. Be3 O-O-O 12. Nbd2 a6 13. a3 h6 14. dxc5 Bxc5 15. Bxc5 Nxc5 16. Ne5 Ncd7 17. f4 Bxe2 18. Kxe2 Nxe5 19. fxe5 Nh5 20. Ke3 Ng3 21. Rhd1 Nf5+ 22. Ke2 Rd4 23. Rdc1 Rhd8 24. Nf3 Rd3 25. b4 Ng3+ 26. Ke1 Ne4 27. Rc2 f5 28. exf6 gxf6 29. Re2 f5 30. Ne5 Rc3 31. a4 Ng3 32. Rb2 Rd4 33. Kf2 Rf4+ 34. Nf3 Ne4+ 35. Kg1 Ng5 36. Nxg5 hxg5 37. c5 Rcc4 38. Rab1 g4 39. b5 Rxc5 40. bxa6 bxa6 41. Rb6 Rxa4 42. Rxe6 g3 43. Re3 f4 44. Re2 Rac4 45. Rbe1 Kb7 46. Kf1 a5 47. Re7+ Kb6 48. Ke2 Rc2+ 49. Kf3 Rf2+ 50. Kg4 Rxg2 51. Kxf4 Rb2 52. Kxg3 Rb3+ 53. Kf4 Rxh3 54. Rb1+ Kc6 55. Re6+ Kd7 56. Ra6 Rc4+ 57. Kg5 Rc5+ 58. Kg4 Rd3 59. Rb7+ Rc7 60. Rxc7+ Kxc7 1/2-1/2

[Event "GER-ch 72nd"]
[Site "Heringsdorf"]
[Date "2000.11.19"]
[Round "3"]
[White "Woll, Wilfried"]
[Black "Stahr, Ralf Peter"]
[Result "1-0"]
[WhiteElo "2170"]
[BlackElo "2144"]
[EventDate "2000.11.17"]
[PlyCount "37"]

1. c4 e5 2. g3 f5 3. Bg2 d6 4. d4 Be7 5. dxe5 dxe5 6. Qb3 Nc6 7. Be3 Nf6 8. Nc3 Nd4 9. Bxd4 exd4 10. Rd1 c5 11. e3 Qa5 12. exd4 cxd4 13. Qb5+ Qxb5 14. Nxb5 Bb4+ 15. Kf1 O-O 16. Ne2 Ne4 17. Nbxd4 Nd2+ 18. Kg1 Nxc4 19. Bd5+ 1-0

[Event "GER-ch 72nd"]
[Site "Heringsdorf"]
[Date "2000.11.20"]
[Round "4"]
[White "Gutman, Lev"]
[Black "Bunzmann, Dimitrij"]
[Result "0-1"]
[WhiteElo "2533"]
[BlackElo "2484"]
[EventDate "2000.11.17"]
[PlyCount "106"]

1. Nf3 Nf6 2. g3 d5 3. Bg2 Bf5 4. d3 e6 5. O-O h6 6. c4 Nbd7 7. cxd5 exd5 8. Nc3 Bh7 9. Be3 Bc5 10. Bxc5 Nxc5 11. Rc1 O-O 12. Nh4 Ne6 13. Qb3 d4 14. Nb1 Rb8 15. Nd2 Re8 16. Rfe1 Qe7 17. Nhf3 c5 18. Qa3 b6 19. Ne5 Nd8 20. f4 Bf5 21. e3 dxe3 22. Ndc4 a5 23. Nxe3 Bc8 24. Qc3 Qd6 25. N3c4 Qf8 26. d4 Bb7 27. Nxb6 Bxg2 28. Nbd7 cxd4 29. Qc2 Qb4 30. Nxb8 Ba8 31. h3 Qxb8 32. Nd7 Rxe1+ 33. Rxe1 Qb7 34. Nxf6+ gxf6 35. Kh2 d3 36. Qd2 Ne6 37. h4 Nd4 38. Kh3 Qc8+ 39. g4 Nf3 40. Rc1 Qd8 41. Qe3 d2 42. Rd1 Kg7 43. Kg3 Qd5 44. b3 h5 45. g5 Qf5 46. Kf2 Qg4 47. gxf6+ Kxf6 48. Ke2 Nd4+ 49. Kxd2 Qg2+ 50. Kd3 Qc2+ 51. Kxd4 Qxd1+ 52. Kc5 Qd5+ 53. Kb6 Qe6+ 0-1

[Event "GER-ch 72nd"]
[Site "Heringsdorf"]
[Date "2000.11.21"]
[Round "5"]
[White "Braun, Peter"]
[Black "Heinrich, Alexander"]
[Result "1-0"]
[WhiteElo "2264"]
[BlackElo "2146"]
[EventDate "2000.11.17"]
[PlyCount "77"]

1. d4 Nf6 2. c4 e6 3. Nf3 b6 4. e3 Bb7 5. Bd3 d5 6. O-O Bd6 7. b3 O-O 8. Bb2 Ne4 9. Nc3 Nd7 10. Rc1 c5 11. cxd5 Nxc3 12. Bxc3 Bxd5 13. e4 Bb7 14. e5 Be7 15. Re1 cxd4 16. Nxd4 Bg5 17. Bd2 Nc5 18. Bf1 Bxd2 19. Qxd2 Qd5 20. Qf4 Nd3 21. Qh4 Nxc1 22. Rxc1 Rac8 23. Re1 Rfd8 24. Nf3 h6 25. h3 Qa5 26. Re3 Rd1 27. Nh2 Qd5 28. Rg3 Qxe5 29. Qe7 Qc7 30. Qh4 Qc1 31. Qf6 g6 32. h4 Be4 33. h5 Qc7 34. Ng4 Rxf1+ 35. Kh2 Kf8 36. Ne5 Bf5 37. hxg6 Bxg6 38. Rxg6 Ke8 39. Rg8# 1-0

[Event "GER-ch 72nd"]
[Site "Heringsdorf"]
[Date "2000.11.21"]
[Round "5"]
[White "Heinzel, Olaf"]
[Black "Enigk, Frank"]
[Result "1-0"]
[WhiteElo "2389"]
[BlackElo "2195"]
[EventDate "2000.11.17"]
[PlyCount "87"]

1. d4 Nf6 2. Nf3 e6 3. Bf4 d5 4. e3 Bd6 5. Bd3 c5 6. Bg3 Bxg3 7. hxg3 Nbd7 8. Nc3 a6 9. a4 b6 10. e4 dxe4 11. Nxe4 Qc7 12. dxc5 bxc5 13. Qe2 h6 14. Nfd2 Bb7 15. Nc4 Nxe4 16. Bxe4 Bxe4 17. Qxe4 O-O 18. a5 Rad8 19. O-O Nf6 20. Qe2 Rd4 21. Nb6 c4 22. Ra4 Rfd8 23. Rxc4 Rxc4 24. Nxc4 Rd4 25. b3 Qc5 26. Rd1 Rxd1+ 27. Qxd1 Ne4 28. Qd8+ Kh7 29. Ne3 Qc3 30. Kf1 f5 31. Ke2 h5 32. Qd1 Qxa5 33. Kf1 Kh6 34. Kg1 Qc5 35. Qe2 a5 36. Qc4 Qb6 37. Qd3 Qc5 38. Qa6 Qe5 39. Qd3 Qc5 40. Qa6 Qe5 41. Nc4 Qa1+ 42. Kh2 g6 43. Qxe6 Qf1 44. Ne5 1-0

[Event "GER-ch 72nd"]
[Site "Heringsdorf"]
[Date "2000.11.24"]
[Round "8"]
[White "Baramidze, David"]
[Black "Meins, Gerlef"]
[Result "0-1"]
[WhiteElo "2242"]
[BlackElo "2426"]
[EventDate "2000.11.17"]
[PlyCount "84"]

1. e4 c5 2. Nf3 Nc6 3. d4 cxd4 4. Nxd4 Nf6 5. Nc3 d6 6. Be2 e5 7. Nf3 h6 8. O-O Be7 9. Re1 O-O 10. h3 a6 11. Bf1 Qc7 12. Nh2 b5 13. Ng4 Nxg4 14. hxg4 Be6 15. Nd5 Qb7 16. Be3 Bg5 17. g3 Rfd8 18. Bxg5 hxg5 19. Qd2 Rac8 20. c3 f6 21. Ne3 Na5 22. f3 d5 23. exd5 Bxd5 24. Nxd5 Rxd5 25. Qc2 Nc4 26. Bd3 Rcd8 27. Bxc4 bxc4 28. Rad1 Rd3 29. Rxd3 Rxd3 30. Re4 Rxf3 31. Qa4 Qb6+ 32. Rd4 Kf8 33. Kg2 Qxb2+ 34. Kxf3 Qxc3+ 35. Ke4 Qxd4+ 36. Kf3 Qd3+ 37. Kg2 c3 38. Qb4+ Kf7 39. Qb7+ Kg6 40. Qc6 Kh7 41. Kf2 e4 42. Qe8 Qf3+ 0-1

[Event "GER-ch 72nd"]
[Site "Heringsdorf"]
[Date "2000.11.24"]
[Round "8"]
[White "Barmbold, Jens"]
[Black "Heinrich, Alexander"]
[Result "0-1"]
[WhiteElo "2270"]
[BlackElo "2146"]
[EventDate "2000.11.17"]
[PlyCount "88"]

1. d4 Nf6 2. c4 e6 3. g3 d5 4. Bg2 Nbd7 5. Nf3 dxc4 6. Qa4 a6 7. Qxc4 b5 8. Qc6 Rb8 9. Bf4 Nd5 10. Bg5 Be7 11. Bxe7 Qxe7 12. O-O Bb7 13. Qc1 c5 14. Nc3 O-O 15. Nxd5 Bxd5 16. Qf4 Rbc8 17. e4 Bb7 18. e5 cxd4 19. Nxd4 Bxg2 20. Kxg2 Qb4 21. b3 Rfd8 22. Rac1 Qa3 23. Nc6 Re8 24. b4 Nb6 25. Qd4 Nd5 26. Rc2 Kh8 27. Rfc1 h6 28. h4 Rc7 29. Kh2 Qf3 30. Qd2 Qe4 31. f3 Qxf3 32. Nd4 Rxc2 33. Nxf3 Rxd2+ 34. Nxd2 Nxb4 35. Ne4 Nxa2 36. Rc7 Kg8 37. Ra7 Nb4 38. Nc5 Rc8 39. Nxa6 Nxa6 40. Rxa6 Rc5 41. Ra8+ Kh7 42. Rf8 Kg6 43. h5+ Kxh5 44. Rxf7 Kg6 0-1

[Event "GER-ch 72nd"]
[Site "Heringsdorf"]
[Date "2000.11.24"]
[Round "8"]
[White "Braun, Peter"]
[Black "Stahr, Ralf Peter"]
[Result "1-0"]
[WhiteElo "2264"]
[BlackElo "2144"]
[EventDate "2000.11.17"]
[PlyCount "65"]

1. d4 Nf6 2. Nf3 d5 3. c4 e6 4. Nc3 Nbd7 5. cxd5 exd5 6. Bg5 c6 7. e3 Qa5 8. Nd2 Bb4 9. Qc2 Ne4 10. Ndxe4 dxe4 11. Bh4 O-O 12. Be2 Nb6 13. O-O f5 14. a3 Bxc3 15. bxc3 Nd5 16. Rfc1 b5 17. a4 Qb6 18. Rcb1 f4 19. c4 f3 20. Bf1 Nc7 21. Bg3 b4 22. a5 Qb7 23. Bd6 Na6 24. Bxf8 fxg2 25. Bxg2 Kxf8 26. Qxe4 Bd7 27. Qxh7 Rb8 28. Rb3 Qc8 29. e4 Be6 30. Rf3+ Bf7 31. Qh8+ Ke7 32. Qxg7 Qg8 33. Qf6+ 1-0

[Event "GER-ch 72nd"]
[Site "Heringsdorf"]
[Date "2000.11.24"]
[Round "8"]
[White "Bruch, Jochen"]
[Black "Pfretzschner, Roland"]
[Result "0-1"]
[WhiteElo "2336"]
[BlackElo "2295"]
[EventDate "2000.11.17"]
[PlyCount "88"]

1. Nf3 Nf6 2. g3 d5 3. Bg2 g6 4. O-O Bg7 5. d3 O-O 6. Nbd2 c5 7. c4 Nc6 8. a3 e5 9. cxd5 Nxd5 10. Qb3 Nde7 11. Ne4 b6 12. Bg5 Be6 13. Qa4 f6 14. Bd2 Rc8 15. Rac1 h6 16. b4 f5 17. Nc3 cxb4 18. axb4 Qd7 19. b5 Na5 20. Nb1 Rxc1 21. Bxc1 Rc8 22. Ba3 Bb3 23. Qb4 Rc5 24. Nfd2 Nd5 25. Bxd5+ Bxd5 26. Nc3 Kh7 27. Nxd5 Rxd5 28. Rb1 e4 29. Nc4 exd3 30. exd3 Nb7 31. Ne3 Rd4 32. Qe1 Rxd3 33. Bb2 Bxb2 34. Rxb2 Nc5 35. Ra2 Qf7 36. Qa1 Rd7 37. Ra3 h5 38. Qe5 Nd3 39. Qb8 f4 40. gxf4 Nxf4 41. Nf1 h4 42. Rf3 Ne2+ 43. Kg2 Qd5 44. Ne3 h3+ 0-1

[Event "GER-ch 72nd"]
[Site "Heringsdorf"]
[Date "2000.11.24"]
[Round "8"]
[White "Buhmann, Rainer"]
[Black "Berezovsky, Igor"]
[Result "1-0"]
[WhiteElo "2416"]
[BlackElo "2404"]
[EventDate "2000.11.17"]
[PlyCount "99"]

1. d4 e6 2. g3 f5 3. Bg2 Nf6 4. c4 c6 5. d5 Bd6 6. Nc3 O-O 7. Nf3 Na6 8. O-O Nc5 9. Qc2 Nce4 10. dxe6 dxe6 11. Bf4 Qc7 12. Nxe4 Nxe4 13. Bxd6 Nxd6 14. Rad1 Nf7 15. e4 f4 16. e5 Nxe5 17. Ng5 g6 18. Qe4 Nf7 19. gxf4 Nxg5 20. fxg5 e5 21. Rfe1 Be6 22. Qxe5 Qxe5 23. Rxe5 Bxc4 24. b3 Ba6 25. Bh3 Rad8 26. Rd7 Rxd7 27. Bxd7 Rd8 28. Bg4 Kf7 29. Kg2 b6 30. h4 c5 31. h5 Rd2 32. a4 Kf8 33. h6 Bb7+ 34. Kg3 Rd3+ 35. Kh4 Rxb3 36. Bd7 Rd3 37. Re8+ Kf7 38. Rh8 Rd4+ 39. Kg3 Rd3+ 40. Kh4 Rd4+ 41. Kg3 Rd3+ 42. Kh2 Rd1 43. Rxh7+ Kf8 44. Be6 Bd5 45. Rh8+ Ke7 46. Bxd5 Rxd5 47. Re8+ Kxe8 48. h7 Rxg5 49. h8=Q+ Kd7 50. Qg7+ 1-0

[Event "GER-ch 72nd"]
[Site "Heringsdorf"]
[Date "2000.11.24"]
[Round "8"]
[White "Heck, Norbert"]
[Black "Alber, Horst"]
[Result "0-1"]
[WhiteElo "2340"]
[BlackElo "2340"]
[EventDate "2000.11.17"]
[PlyCount "70"]

1. d4 Nf6 2. Nf3 g6 3. c4 Bg7 4. g3 O-O 5. Bg2 c5 6. Nc3 d6 7. O-O Nc6 8. d5 Na5 9. Nd2 e6 10. Rb1 Rb8 11. Qc2 b5 12. dxe6 bxc4 13. exf7+ Rxf7 14. Nde4 Bf5 15. Nxf6+ Bxf6 16. e4 Be6 17. Nd5 Bxd5 18. exd5 c3 19. bxc3 Rxb1 20. Qxb1 Bxc3 21. Qd3 Bd4 22. Bd2 Qb6 23. Bh3 Kg7 24. Bc3 Bxc3 25. Qxc3+ Kh6 26. Be6 Rf8 27. h4 Qb4 28. Qe3+ Kg7 29. Qg5 Rf6 30. h5 Qd4 31. hxg6 hxg6 32. Kh1 Nc4 33. Qc1 Nd2 34. Rd1 Rxf2 35. Qa1 Nf3 0-1

[Event "GER-ch 72nd"]
[Site "Heringsdorf"]
[Date "2000.11.24"]
[Round "8"]
[White "Prusikin, Michael"]
[Black "Graf, Alexander"]
[Result "1/2-1/2"]
[WhiteElo "2460"]
[BlackElo "2642"]
[EventDate "2000.11.17"]
[PlyCount "112"]

1. d4 Nf6 2. c4 e6 3. Nf3 b6 4. e3 Bb7 5. Bd3 d5 6. O-O Bd6 7. Nc3 O-O 8. Qe2 Nbd7 9. e4 dxe4 10. Nxe4 e5 11. Bg5 exd4 12. Nxd6 Bxf3 13. Qxf3 Ne5 14. Qf5 Qxd6 15. Bf4 Rfe8 16. Rfe1 g6 17. Bxe5 gxf5 18. Bxd6 cxd6 19. Bxf5 d5 20. cxd5 Rxe1+ 21. Rxe1 Rd8 22. Kf1 Rxd5 23. Bd3 Kf8 24. Rc1 Rc5 25. Rc4 Rd5 26. Rc7 a5 27. Ke2 Rd6 28. Bc4 Nd7 29. f4 Kg7 30. b3 h5 31. a3 Kf6 32. g3 Kf5 33. b4 axb4 34. axb4 Kg4 35. Bxf7 d3+ 36. Kd2 Nf6 37. Bg6 h4 38. gxh4 Nd5 39. Rg7 Nxf4 40. Bxd3+ Kxh4 41. Rg3 Nd5 42. b5 Nc7 43. Kc3 Rd5 44. Kb4 Rg5 45. Rf3 Nd5+ 46. Kc4 Nc7 47. Bf5 Rg2 48. Rh3+ Kg5 49. Bd3 Rg4+ 50. Kb3 Rh4 51. Rg3+ Kf4 52. Bc4 Rxh2 53. Rg6 Rh3+ 54. Kb4 Rh5 55. Rc6 Rc5 56. Rxb6 Rxb5+ 1/2-1/2

[Event "GER-ch 72nd"]
[Site "Heringsdorf"]
[Date "2000.11.24"]
[Round "8"]
[White "Rabiega, Robert"]
[Black "Enders, Peter"]
[Result "1-0"]
[WhiteElo "2487"]
[BlackElo "2468"]
[EventDate "2000.11.17"]
[PlyCount "59"]

1. e4 e6 2. d3 d5 3. Qe2 Nf6 4. Nf3 Be7 5. g3 b5 6. e5 Nfd7 7. Bg2 c5 8. h4 Nc6 9. O-O O-O 10. Bf4 a5 11. Nbd2 b4 12. h5 Kh8 13. Nh2 Nd4 14. Qd1 Ba6 15. Ndf3 Nxf3+ 16. Nxf3 c4 17. dxc4 Bxc4 18. Re1 Rc8 19. Qd2 Ba6 20. h6 g6 21. Bg5 Bxg5 22. Nxg5 Qc7 23. a3 Qxc2 24. Qxc2 Rxc2 25. axb4 Rxb2 26. Rxa5 Nb8 27. Rea1 Bd3 28. Ra7 Kg8 29. Bh3 Nc6 30. Rxf7 1-0

[Event "GER-ch 72nd"]
[Site "Heringsdorf"]
[Date "2000.11.24"]
[Round "8"]
[White "Riegler, Dieter"]
[Black "Valet, Richard"]
[Result "1/2-1/2"]
[WhiteElo "2194"]
[BlackElo "2148"]
[EventDate "2000.11.17"]
[PlyCount "36"]

1. d4 d5 2. c4 e6 3. Nf3 Nf6 4. g3 c6 5. Qc2 Be7 6. Bg2 O-O 7. O-O Nbd7 8. Rd1 Ne4 9. Ne1 f5 10. f3 Nd6 11. Nd2 f4 12. gxf4 Rxf4 13. e4 Bg5 14. c5 Nf7 15. Nd3 Rh4 16. f4 Bxf4 17. Nxf4 Rxf4 18. Nf1 Rg4 1/2-1/2

[Event "GER-ch 72nd"]
[Site "Heringsdorf"]
[Date "2000.11.24"]
[Round "8"]
[White "Siebrecht, Sebastian"]
[Black "Knuth, Hannes"]
[Result "1-0"]
[WhiteElo "2376"]
[BlackElo "2308"]
[EventDate "2000.11.17"]
[PlyCount "148"]

1. d4 Nf6 2. c4 g6 3. Nc3 Bg7 4. Nf3 d6 5. Bg5 c5 6. d5 Nbd7 7. e4 a6 8. a4 Ng4 9. Be2 Qb6 10. Qc2 e5 11. O-O h6 12. Bd2 O-O 13. Ne1 h5 14. Nd3 Qd8 15. h3 Nh6 16. f4 exf4 17. Bxf4 Qe7 18. Qd2 Kh7 19. Bg5 f6 20. Be3 Ne5 21. Nf4 Nhf7 22. Rf2 Bd7 23. Raf1 Bh6 24. Ne6 Bxe6 25. dxe6 Bxe3 26. Qxe3 Qxe6 27. Rxf6 Qd7 28. Nd5 Rae8 29. Bxh5 gxh5 30. R1f5 h4 31. Qe2 Kg7 32. Qh5 Rg8 33. Rxf7+ Nxf7 34. Nf6 Qxf5 35. Qxf5 Re5 36. Nh5+ Kf8 37. Qc8+ Re8 38. Qxb7 Rg6 39. Nf4 Rf6 40. Nd3 Ne5 41. Nxe5 Rxe5 42. Qxa6 Rxe4 43. a5 Re8 44. Qc6 Ke7 45. Qe4+ Kd7 46. Qxh4 Rfe6 47. Qh7+ R6e7 48. Qf5+ Kc7 49. h4 Re5 50. Qf3 Re3 51. Qf7+ R3e7 52. Qg6 Ra8 53. Qg5 Rh7 54. Kh2 Rxa5 55. b4 Ra4 56. bxc5 Rxc4 57. cxd6+ Kc6 58. g3 Rd7 59. Qg8 Rc5 60. Kh3 Rxd6 61. Qe8+ Kd5 62. h5 Rcc6 63. g4 Re6 64. Qf7 Kd6 65. Kh4 Rc4 66. Qf8+ Kd7 67. h6 Rc1 68. Qf7+ Re7 69. Qd5+ Ke8 70. g5 Rce1 71. Kh5 R1e3 72. Qg8+ Kd7 73. h7 Rh3+ 74. Kg6 Re8 1-0

[Event "GER-ch 72nd"]
[Site "Heringsdorf"]
[Date "2000.11.24"]
[Round "8"]
[White "Sielecki, Christof"]
[Black "Reeh, Oliver"]
[Result "1/2-1/2"]
[WhiteElo "2424"]
[BlackElo "2420"]
[EventDate "2000.11.17"]
[PlyCount "39"]

1. Nf3 c5 2. c4 g6 3. d4 cxd4 4. Nxd4 Bg7 5. e4 Nc6 6. Be3 Nf6 7. Nc3 O-O 8. Be2 d6 9. O-O Bd7 10. Nc2 a5 11. f3 a4 12. Nd5 Nxd5 13. cxd5 Nb8 14. Rb1 Na6 15. Qd2 Nc5 16. Nd4 Qa5 17. Rfd1 Rfc8 18. Qxa5 Rxa5 19. Rbc1 Raa8 20. Rc2 1/2-1/2

[Event "GER-ch 72nd"]
[Site "Heringsdorf"]
[Date "2000.11.24"]
[Round "8"]
[White "Stern, Rene"]
[Black "Slobodjan, Roman"]
[Result "1/2-1/2"]
[WhiteElo "2493"]
[BlackElo "2539"]
[EventDate "2000.11.17"]
[PlyCount "81"]

1. Nf3 d6 2. d4 Bg4 3. c4 Bxf3 4. exf3 Nf6 5. d5 g6 6. Be2 c6 7. O-O Bg7 8. Nc3 O-O 9. Be3 Nbd7 10. Rc1 Qa5 11. Re1 cxd5 12. Nxd5 Nxd5 13. Qxd5 Qxd5 14. cxd5 Rfc8 15. b3 a6 16. a4 Bc3 17. Red1 Rc7 18. f4 Rac8 19. g3 Ba5 20. Rxc7 Rxc7 21. Bc4 Bb6 22. Bd2 a5 23. Kf1 Nc5 24. Ra1 Ne4 25. Be1 Bd4 26. Rd1 Bc3 27. f3 Bxe1 28. fxe4 Bc3 29. Ke2 Kf8 30. Rd3 Bb2 31. Kf3 Kg7 32. Re3 Kf6 33. Re2 Bd4 34. e5+ dxe5 35. Ke4 Bc5 36. fxe5+ Kg7 37. Rd2 f6 38. Rd1 fxe5 39. Kxe5 Rd7 40. Rf1 Rd8 41. Rf3 1/2-1/2